| 000 | 01733nam a2200313 i 4500 | ||
|---|---|---|---|
| 001 | 193545 | ||
| 003 | ES-MaACL | ||
| 005 | 20250708203206.0 | ||
| 008 | 240105s2023 sp ||||| |||| 00| 0 spa d | ||
| 020 | _a9788491879657 | ||
| 040 | _cES-MaACL | ||
| 100 |
_aArmijo, Onica _9234847 _eaut |
||
| 245 |
_aTodo sobre tus hormonas / _cOnica Armijo, María de la Calle. |
||
| 250 | _aPrimera edición: mayo de 2023 | ||
| 260 |
_a[Barcelona] : _bRBA, _c2023 |
||
| 300 |
_a252 páginas ; _c22 cm |
||
| 520 | _aTodas, alguna vez, nos hemos visto desbordadas por nuestras hormonas o nos da un subidón o un bajón, nos afectan al estado de ánimo y notamos cambios en el cuerpo. Nos dicen que es debido a fluctuaciones hormonales, pero no entendemos por qué. En estas páginas, dos ginecólogas de prestigio te explican de manera clara y con rigor las variaciones y la importancia de las hormonas en todas las etapas vitales de la mujer: recién nacidas, niñez, adolescencia, edad fértil, embarazo, lactancia, menopausia y senectud. | ||
| 650 | 4 |
_913477 _aHormonas |
|
| 700 |
_aCalle, María de la _9234848 _eaut |
||
| 852 |
_aES-MaACL _bR.154863 _cDEPOJ _jN-9694 _hDonación: Onica Armijo y María de la Calle _xEncuadernación rústica con solapas _9201300 _gDedicatorias autógrafas de las autoras |
||
| 903 |
_9234847 _aArmijo, Onica |
||
| 903 |
_9234848 _aCalle, María de la _ednr |
||
| 942 |
_n0 _cMONOGRAFIA |
||
| 999 |
_c193545 _d193545 |
||